[Event "Lloyds Bank Masters 3rd"]
[Site "London"]
[Date "1979.08.22"]
[Round "1"]
[White "Balinas, Rosendo Carrean"]
[Black "Hebden, Mark L"]
[Result "1-0"]
[WhiteElo "2365"]
[BlackElo "2230"]
[PlyCount "69"]
[EventDate "1979.08.22"]
[EventType "swiss"]
[EventRounds "9"]
[EventCountry "ENG"]
[SourceTitle "Big Database 2020"]
[Source "ChessBase"]
[SourceDate "1999.07.01"]
[SourceVersion "1"]
[SourceVersionDate "1999.07.01"]
[SourceQuality "1"]

1. e4 e5 2. Nf3 Nc6 3. Bb5 a6 4. Ba4 Nf6 5. O-O Be7 6. Re1 b5 7. Bb3 O-O 8. h3
Bb7 9. d3 h6 10. Nbd2 Re8 11. Nf1 Bf8 12. a4 b4 13. a5 d5 14. exd5 Nxd5 15. Ba4
Qf6 16. N1h2 Qd6 17. Ng4 Nf6 18. Bxc6 Qxc6 19. Ngxe5 Qd5 20. Bf4 g5 21. Bh2 Re6
22. c4 bxc3 23. bxc3 Rae8 24. Re3 Qd8 25. Nd4 Rd6 26. Ng4 Rxe3 27. Bxd6 Nxg4
28. Bxf8 Re8 29. Qxg4 Rxf8 30. Nf5 Qf6 31. Re1 Qxc3 32. Rb1 Bc8 33. Nxh6+ Kh7
34. Qh5 Qc5 35. Nf5+ 1-0

[Event "Lloyds Bank Masters 3rd"]
[Site "London"]
[Date "1979.08.22"]
[Round "1"]
[White "Botterill, George Steven"]
[Black "Kraidman, Yair"]
[Result "1-0"]
[WhiteElo "2390"]
[BlackElo "2445"]
[PlyCount "61"]
[EventDate "1979.08.22"]
[EventType "swiss"]
[EventRounds "9"]
[EventCountry "ENG"]
[SourceTitle "Big Database 2020"]
[Source "ChessBase"]
[SourceDate "1999.07.01"]
[SourceVersion "1"]
[SourceVersionDate "1999.07.01"]
[SourceQuality "1"]

1. d4 Nf6 2. c4 c5 3. d5 d6 4. Nc3 g6 5. e4 Bg7 6. Be2 O-O 7. f4 a6 8. a4 e6 9.
Nf3 exd5 10. cxd5 Re8 11. e5 dxe5 12. fxe5 Ng4 13. O-O Nxe5 14. Bf4 Nbd7 15. d6
Nxf3+ 16. Bxf3 Bd4+ 17. Kh1 Ne5 18. Bd5 Be6 19. Bxe6 Rxe6 20. Ne4 h6 21. Rc1 b6
22. b4 Rc8 23. bxc5 bxc5 24. Bxh6 Qh4 25. Qxd4 Qxh6 26. Rxc5 Nc6 27. Rxc6 Rd8
28. Nf6+ Kf8 29. h3 a5 30. Qb6 Ra8 31. d7 1-0

[Event "Lloyds Bank Masters 3rd"]
[Site "London"]
[Date "1979.08.22"]
[Round "1"]
[White "Britton, Richard"]
[Black "Iskov, Gert"]
[Result "0-1"]
[WhiteElo "2300"]
[BlackElo "2370"]
[PlyCount "100"]
[EventDate "1979.08.22"]
[EventType "swiss"]
[EventRounds "9"]
[EventCountry "ENG"]
[SourceTitle "Big Database 2020"]
[Source "ChessBase"]
[SourceDate "1999.07.01"]
[SourceVersion "1"]
[SourceVersionDate "1999.07.01"]
[SourceQuality "1"]

1. e4 c5 2. Nf3 d6 3. d4 cxd4 4. Nxd4 Nf6 5. Nc3 a6 6. Bc4 e6 7. Bb3 b5 8. O-O
Be7 9. f4 Bb7 10. f5 e5 11. Nde2 Nbd7 12. Bg5 a5 13. Bxf6 Nxf6 14. Bd5 b4 15.
Na4 Bxd5 16. exd5 Qd7 17. c4 Qa7+ 18. c5 dxc5 19. Ng3 Rd8 20. Qe2 Rxd5 21. Qb5+
Nd7 22. Qc6 Rd6 23. Qc8+ Bd8 24. f6 Rxf6 25. Rxf6 gxf6 26. Rd1 Qc7 27. Qa8 O-O
28. Nf5 Kh8 29. Qd5 Nb6 30. Qxc5 Qxc5+ 31. Nxc5 Bc7 32. Ne4 Rd8 33. Rc1 Nd5 34.
Kf1 Bb6 35. Rc6 Bd4 36. Ned6 Kg8 37. b3 h5 38. Nc4 Nc3 39. Rxf6 Bc5 40. g3 Rd1+
41. Kg2 Ne4 42. Rh6 Ng5 43. Nfe3 Bxe3 44. Nxe3 Rd2+ 45. Kf1 Rxh2 46. Ng4 Rxa2
47. Rxh5 Nf3 48. Nxe5 Nxe5 49. Rxe5 a4 50. bxa4 b3 0-1

[Event "Lloyds Bank Masters 3rd"]
[Site "London"]
[Date "1979.08.22"]
[Round "1"]
[White "Chandler, Murray G"]
[Black "Strauss, David J"]
[Result "1-0"]
[WhiteElo "2380"]
[BlackElo "2345"]
[PlyCount "95"]
[EventDate "1979.08.22"]
[EventType "swiss"]
[EventRounds "9"]
[EventCountry "ENG"]
[SourceTitle "Big Database 2020"]
[Source "ChessBase"]
[SourceDate "1999.07.01"]
[SourceVersion "1"]
[SourceVersionDate "1999.07.01"]
[SourceQuality "1"]

1. e4 c5 2. c3 e6 3. d4 d5 4. exd5 exd5 5. Nf3 Nc6 6. Be2 Bd6 7. dxc5 Bxc5 8.
Nbd2 Nge7 9. Nb3 Bb6 10. Nbd4 Nf5 11. Bg5 f6 12. Bf4 Ncxd4 13. Nxd4 Nxd4 14.
cxd4 O-O 15. O-O Re8 16. Bd3 g6 17. Rc1 Be6 18. Bb1 Qd7 19. Bc2 Qf7 20. Be3 Bd7
21. Qf3 Kg7 22. h4 h5 23. Bd3 Re7 24. Qf4 Rh8 25. Bd2 Bg4 26. Rfe1 Rxe1+ 27.
Bxe1 Qd7 28. Bb4 Rc8 29. Rxc8 Qxc8 30. Bd2 Kf7 31. a4 Qd8 32. a5 Bxa5 33. Qh6
Bxd2 34. Bxg6+ Ke7 35. Qxd2 Qg8 36. Qh6 Qb8 37. Qe3+ Kd7 38. f3 Qg8 39. Qd3 Be6
40. Kf2 Bf7 41. Qf5+ Ke7 42. Bxh5 Bxh5 43. Qxh5 a5 44. Qh6 b5 45. Qc1 Qg6 46.
Qc5+ Ke6 47. Qxb5 Qc2+ 48. Qe2+ 1-0

[Event "Lloyds Bank Masters 3rd"]
[Site "London"]
[Date "1979.08.22"]
[Round "1"]
[White "Cuartas, Carlos Enrique"]
[Black "Law, Andrew P"]
[Result "0-1"]
[WhiteElo "2425"]
[BlackElo "2375"]
[PlyCount "100"]
[EventDate "1979.08.22"]
[EventType "swiss"]
[EventRounds "9"]
[EventCountry "ENG"]
[SourceTitle "Big Database 2020"]
[Source "ChessBase"]
[SourceDate "1999.07.01"]
[SourceVersion "1"]
[SourceVersionDate "1999.07.01"]
[SourceQuality "1"]

1. e4 c5 2. Nf3 d6 3. d4 cxd4 4. Qxd4 a6 5. Bg5 Nc6 6. Qd2 Nf6 7. Nc3 e6 8.
O-O-O Be7 9. Bf4 Ng4 10. h3 Nge5 11. Nd4 Nxd4 12. Qxd4 Qc7 13. Be3 O-O 14. f4
Nd7 15. f5 b5 16. Be2 Rb8 17. g4 Ne5 18. Rhf1 Bd7 19. Bf4 Rfd8 20. g5 b4 21. f6
Bf8 22. Nb1 Rdc8 23. Rd2 Ba4 24. b3 Bb5 25. Bxb5 Rxb5 26. Kb2 Rc5 27. Rc1 Nf3
28. Qxb4 a5 29. Qa4 Nxd2 30. Bxd2 Rxc2+ 31. Rxc2 Qxc2+ 32. Ka1 Qd3 33. h4 Rc2
34. Qxa5 Qxe4 35. h5 Rc5 36. Qb4 Qxb4 37. Bxb4 Rxg5 38. a4 gxf6 39. Nc3 d5 40.
Bxf8 Kxf8 41. b4 Rg4 42. Na2 Ke7 43. a5 Kd7 44. Kb2 Rg2+ 45. Kb3 Rxa2 46. Kxa2
Kc6 47. Kb3 Kb5 48. Kc3 e5 49. Kd3 f5 50. Ke3 f4+ 0-1

[Event "Lloyds Bank Masters 3rd"]
[Site "London"]
[Date "1979.08.22"]
[Round "1"]
[White "Franklin, Michael J"]
[Black "Jansson, Borje"]
[Result "0-1"]
[WhiteElo "2345"]
[BlackElo "2410"]
[PlyCount "60"]
[EventDate "1979.08.22"]
[EventType "swiss"]
[EventRounds "9"]
[EventCountry "ENG"]
[SourceTitle "Big Database 2020"]
[Source "ChessBase"]
[SourceDate "1999.07.01"]
[SourceVersion "1"]
[SourceVersionDate "1999.07.01"]
[SourceQuality "1"]

1. d4 Nf6 2. Nf3 e6 3. e3 b6 4. Nbd2 Bb7 5. Bd3 d5 6. Ne5 Nbd7 7. f4 g6 8. Qf3
Bg7 9. O-O O-O 10. g4 Nxe5 11. fxe5 Nd7 12. Qh3 f6 13. exf6 Rxf6 14. Nf3 Qe7
15. Bd2 Raf8 16. Be2 R6f7 17. Rab1 e5 18. c3 e4 19. Nh4 Nf6 20. Qg3 Bc8 21. Ng2
g5 22. Rbc1 Be6 23. h3 Qd7 24. b3 b5 25. Ne1 h5 26. gxh5 Nxh5 27. Qxg5 Rxf1+
28. Bxf1 Qf7 29. Qg2 Bxh3 30. Qxh3 Qf2+ 0-1

[Event "Lloyds Bank Masters 3rd"]
[Site "London"]
[Date "1979.08.22"]
[Round "1"]
[White "Fuster, Geza"]
[Black "Basman, Michael J"]
[Result "0-1"]
[WhiteElo "2300"]
[BlackElo "2405"]
[PlyCount "55"]
[EventDate "1979.08.22"]
[EventType "swiss"]
[EventRounds "9"]
[EventCountry "ENG"]
[SourceTitle "Big Database 2020"]
[Source "ChessBase"]
[SourceDate "1999.07.01"]
[SourceVersion "1"]
[SourceVersionDate "1999.07.01"]
[SourceQuality "1"]

1. d4 e6 2. Nf3 b5 3. Bg5 f6 4. Bf4 Bb7 5. Nbd2 g5 6. Bg3 h5 7. h4 g4 8. Ng1 f5
9. e3 Ne7 10. Ne2 Ng6 11. Nf4 Nxf4 12. Bxf4 Bd6 13. Bxd6 cxd6 14. c4 a6 15. f3
Nc6 16. cxb5 axb5 17. Bxb5 O-O 18. f4 Nb4 19. Kf2 Rf7 20. Nf1 Qb6 21. a4 Rc8
22. Bd3 Nxd3+ 23. Qxd3 Qxb2+ 24. Nd2 Rc2 25. Rhd1 Be4 26. Qe2 Rf8 27. a5 Rfc8
28. Ke1 0-1

[Event "Lloyds Bank Masters 3rd"]
[Site "London"]
[Date "1979.08.22"]
[Round "1"]
[White "Ginsburg, Mark"]
[Black "Haik, Aldo"]
[Result "1/2-1/2"]
[WhiteElo "2340"]
[BlackElo "2435"]
[PlyCount "91"]
[EventDate "1979.08.22"]
[EventType "swiss"]
[EventRounds "9"]
[EventCountry "ENG"]
[SourceTitle "Big Database 2020"]
[Source "ChessBase"]
[SourceDate "1999.07.01"]
[SourceVersion "1"]
[SourceVersionDate "1999.07.01"]
[SourceQuality "1"]

1. c4 Nf6 2. Nc3 e5 3. Nf3 d6 4. d4 e4 5. Ng5 Bf5 6. f3 exf3 7. Nxf3 Nc6 8. Bg5
h6 9. Bh4 g5 10. Bg3 Bg7 11. d5 Ne7 12. Nd2 Ng4 13. e4 Bd7 14. c5 O-O 15. Nc4
f5 16. Be2 b5 17. cxb6 axb6 18. exf5 Nf6 19. Ne3 b5 20. Bxb5 Bxb5 21. Nxb5 Ne4
22. Nd4 c5 23. dxc6 Qb6 24. f6 Bxf6 25. Nec2 Rae8 26. Qd3 Nxg3 27. hxg3 Nxc6+
28. Ne2 Ne5 29. Qd5+ Kg7 30. O-O-O Nc6 31. Ned4 Nxd4 32. Nxd4 Re5 33. Qb3 Qc7+
34. Qc2 Qd7 35. Rxh6 Kg8 36. Qg6+ Qg7 37. Qxg7+ Kxg7 38. Rhh1 Re4 39. Nf3 g4
40. Nd2 Re2 41. Kb1 Be5 42. Rh4 Rff2 43. Rxg4+ Kf8 44. Nc4 d5 45. Nxe5 Rxb2+
46. Ka1 1/2-1/2

[Event "Lloyds Bank Masters 3rd"]
[Site "London"]
[Date "1979.08.22"]
[Round "1"]
[White "Goodman, David SC"]
[Black "Sharif, Mershad"]
[Result "1/2-1/2"]
[WhiteElo "2340"]
[BlackElo "2445"]
[PlyCount "66"]
[EventDate "1979.08.22"]
[EventType "swiss"]
[EventRounds "9"]
[EventCountry "ENG"]
[SourceTitle "Big Database 2020"]
[Source "ChessBase"]
[SourceDate "1999.07.01"]
[SourceVersion "1"]
[SourceVersionDate "1999.07.01"]
[SourceQuality "1"]

1. d4 Nf6 2. c4 e6 3. Nf3 b6 4. a3 Bb7 5. Nc3 d5 6. Bg5 Be7 7. Bxf6 Bxf6 8.
cxd5 exd5 9. e3 O-O 10. Be2 c5 11. O-O Nc6 12. Rc1 cxd4 13. exd4 Rc8 14. b4 Re8
15. Qd2 Qd6 16. Rfe1 a6 17. Na4 Nd8 18. Rxc8 Bxc8 19. Nc3 g6 20. Bd1 Rxe1+ 21.
Nxe1 Nc6 22. Nf3 Bg4 23. h3 Bxf3 24. Bxf3 Nxd4 25. Bxd5 Kg7 26. Qd3 Qf4 27. Ne4
Qc1+ 28. Kh2 Be5+ 29. g3 Qe1 30. Kg2 Ne2 31. Kf3 Nd4+ 32. Kg2 Ne2 33. Kf3 Nd4+
1/2-1/2

[Event "Lloyds Bank Masters 3rd"]
[Site "London"]
[Date "1979.08.22"]
[Round "1"]
[White "Gruchacz, Robert"]
[Black "Povah, Nigel Edward"]
[Result "0-1"]
[WhiteElo "2355"]
[BlackElo "2325"]
[PlyCount "68"]
[EventDate "1979.08.22"]
[EventType "swiss"]
[EventRounds "9"]
[EventCountry "ENG"]
[SourceTitle "Big Database 2020"]
[Source "ChessBase"]
[SourceDate "1999.07.01"]
[SourceVersion "1"]
[SourceVersionDate "1999.07.01"]
[SourceQuality "1"]

1. e4 c5 2. Nf3 e6 3. d4 cxd4 4. Nxd4 Nf6 5. Nc3 Nc6 6. Ndb5 d6 7. Bf4 e5 8.
Bg5 a6 9. Na3 b5 10. Nd5 Be7 11. Nxe7 Qxe7 12. c3 h6 13. Be3 Be6 14. Bd3 d5 15.
exd5 Nxd5 16. Be4 Rd8 17. Qf3 O-O 18. O-O-O Nxc3 19. Bxc6 Nxd1 20. Rxd1 Rxd1+
21. Kxd1 Qd6+ 22. Ke1 f5 23. Bb7 Rd8 24. g3 e4 25. Qe2 Qc7 26. Bxa6 Qa5+ 27.
Bd2 Qxa6 28. Qxb5 Qd6 29. Qb4 Qd5 30. Qa5 Qd3 31. Qc3 Bxa2 32. Nc2 Bb3 33. Qxd3
Rxd3 34. Ne3 Be6 0-1

[Event "Lloyds Bank Masters 3rd"]
[Site "London"]
[Date "1979.08.22"]
[Round "1"]
[White "Leow, Leslie M"]
[Black "Taulbut, Shaun M"]
[Result "1-0"]
[WhiteElo "2280"]
[BlackElo "2390"]
[PlyCount "60"]
[EventDate "1979.08.22"]
[EventType "swiss"]
[EventRounds "9"]
[EventCountry "ENG"]
[SourceTitle "Big Database 2020"]
[Source "ChessBase"]
[SourceDate "1999.07.01"]
[SourceVersion "1"]
[SourceVersionDate "1999.07.01"]
[SourceQuality "1"]

1. e4 g6 2. d4 d6 3. Nc3 Bg7 4. Nf3 Nf6 5. Be2 O-O 6. O-O Bg4 7. Bf4 Nfd7 8. h3
Bxf3 9. Bxf3 Nc6 10. d5 Nce5 11. Be2 Nb6 12. Qc1 c6 13. dxc6 bxc6 14. Bh6 Qc7
15. Bxg7 Kxg7 16. f4 Ned7 17. Qe3 a5 18. Rae1 e5 19. Rd1 Rad8 20. Rd2 f6 21.
Nd1 d5 22. fxe5 Nxe5 23. b3 Rde8 24. Nc3 dxe4 25. Nxe4 Nd5 26. Qd4 f5 27. Nc5
Qe7 28. Bc4 f4 29. Bxd5 cxd5 30. Nd3 f3 1-0

[Event "Lloyds Bank Masters 3rd"]
[Site "London"]
[Date "1979.08.22"]
[Round "1"]
[White "Littlewood, Paul E"]
[Black "Boersma, Paul"]
[Result "1/2-1/2"]
[WhiteElo "2405"]
[BlackElo "2350"]
[PlyCount "38"]
[EventDate "1979.08.22"]
[EventType "swiss"]
[EventRounds "9"]
[EventCountry "ENG"]
[SourceTitle "Big Database 2020"]
[Source "ChessBase"]
[SourceDate "1999.07.01"]
[SourceVersion "1"]
[SourceVersionDate "1999.07.01"]
[SourceQuality "1"]

1. d4 Nf6 2. c4 g6 3. Nc3 Bg7 4. e4 d6 5. Nf3 O-O 6. Be2 Nbd7 7. O-O e5 8. Be3
exd4 9. Nxd4 Re8 10. f3 c6 11. Qd2 d5 12. cxd5 cxd5 13. exd5 Nb6 14. Bf2 Nfxd5
15. Rad1 Nxc3 16. bxc3 Bd7 17. c4 Ba4 18. Nb3 Qxd2 19. Rxd2 Bh6 1/2-1/2

[Event "Lloyds Bank Masters 3rd"]
[Site "London"]
[Date "1979.08.22"]
[Round "1"]
[White "Plaskett, H James"]
[Black "Ravikumar, Vaidyanathan"]
[Result "1-0"]
[WhiteElo "2410"]
[BlackElo "2305"]
[PlyCount "67"]
[EventDate "1979.08.22"]
[EventType "swiss"]
[EventRounds "9"]
[EventCountry "ENG"]
[SourceTitle "Big Database 2020"]
[Source "ChessBase"]
[SourceDate "1999.07.01"]
[SourceVersion "1"]
[SourceVersionDate "1999.07.01"]
[SourceQuality "1"]

1. e4 e6 2. d4 d5 3. Nd2 Nf6 4. Bd3 c5 5. e5 Nfd7 6. c3 Nc6 7. Ngf3 Qb6 8. O-O
cxd4 9. cxd4 Nxd4 10. Nxd4 Qxd4 11. Nf3 Qb6 12. Qc2 h6 13. Bf4 Qb4 14. Bd2 Qc5
15. Qa4 Be7 16. Rac1 Qb6 17. Ba5 Qxb2 18. Bb5 O-O 19. Bxd7 Qa3 20. Nd4 Bxd7 21.
Qxd7 Bg5 22. Rc7 Rad8 23. Qb5 a6 24. Qb4 Qxb4 25. Bxb4 Rfe8 26. f4 Rc8 27. Rxc8
Rxc8 28. fxg5 Rc4 29. g6 fxg6 30. Nxe6 Rxb4 31. Rf8+ Kh7 32. Rd8 b5 33. Nf8+
Kg8 34. e6 1-0

[Event "Lloyds Bank Masters 3rd"]
[Site "London"]
[Date "1979.08.22"]
[Round "1"]
[White "Watson, John L"]
[Black "Wicker, Kevin J"]
[Result "1-0"]
[WhiteElo "2375"]
[BlackElo "2315"]
[PlyCount "61"]
[EventDate "1979.08.22"]
[EventType "swiss"]
[EventRounds "9"]
[EventCountry "ENG"]
[SourceTitle "Big Database 2020"]
[Source "ChessBase"]
[SourceDate "1999.07.01"]
[SourceVersion "1"]
[SourceVersionDate "1999.07.01"]
[SourceQuality "1"]

1. c4 g6 2. Nc3 Bg7 3. g3 e5 4. Bg2 Ne7 5. e4 O-O 6. Nge2 f5 7. d3 Nbc6 8. O-O
Nd4 9. Nxd4 exd4 10. Ne2 Rb8 11. Rb1 d6 12. b4 fxe4 13. dxe4 Be6 14. Qd3 c5 15.
bxc5 Nc6 16. cxd6 Ne5 17. Qa3 Nxc4 18. Qxa7 Ra8 19. Qxb7 Nxd6 20. Qb4 Bxa2 21.
Ra1 Bd5 22. Rxa8 Bxa8 23. Nxd4 Re8 24. Qb3+ Kh8 25. Ne6 Qb8 26. Qxb8 Rxb8 27.
Bf4 Rb6 28. e5 Bxg2 29. exd6 Bxf1 30. d7 Bf6 31. Be5 1-0

[Event "Lloyds Bank Masters 3rd"]
[Site "London"]
[Date "1979.08.22"]
[Round "1"]
[White "Westerinen, Heikki MJ"]
[Black "Odendahl, Steven M"]
[Result "1-0"]
[WhiteElo "2465"]
[BlackElo "2370"]
[PlyCount "65"]
[EventDate "1979.08.22"]
[EventType "swiss"]
[EventRounds "9"]
[EventCountry "ENG"]
[SourceTitle "Big Database 2020"]
[Source "ChessBase"]
[SourceDate "1999.07.01"]
[SourceVersion "1"]
[SourceVersionDate "1999.07.01"]
[SourceQuality "1"]

1. e4 e5 2. Nf3 Nc6 3. Bb5 a6 4. Ba4 Nf6 5. O-O Be7 6. Re1 b5 7. Bb3 d6 8. c3
O-O 9. h3 h6 10. d4 Re8 11. Nbd2 Bf8 12. Bc2 Bd7 13. b3 g6 14. Bb2 Bg7 15. Rc1
Qb8 16. Bd3 Qb7 17. d5 Ne7 18. c4 c6 19. c5 cxd5 20. cxd6 Nc6 21. exd5 Nxd5 22.
Ne4 Nf4 23. Nc5 Qa7 24. Be4 Rac8 25. Qd2 Nd4 26. Bxd4 exd4 27. Nxd7 Rxc1 28.
Rxc1 Nxh3+ 29. gxh3 Qxd7 30. Bc6 Qxh3 31. Bxe8 Qg4+ 32. Kf1 Qxf3 33. Bc6 1-0

[Event "Lloyds Bank Masters 3rd"]
[Site "London"]
[Date "1979.08.23"]
[Round "2"]
[White "Basman, Michael J"]
[Black "Crouch, Colin S"]
[Result "1/2-1/2"]
[WhiteElo "2405"]
[BlackElo "2300"]
[PlyCount "108"]
[EventDate "1979.08.22"]
[EventType "swiss"]
[EventRounds "9"]
[EventCountry "ENG"]
[SourceTitle "Big Database 2020"]
[Source "ChessBase"]
[SourceDate "1999.07.01"]
[SourceVersion "1"]
[SourceVersionDate "1999.07.01"]
[SourceQuality "1"]

1. g4 d5 2. h3 e5 3. d3 f5 4. Bg2 fxg4 5. hxg4 Bxg4 6. c4 Nf6 7. cxd5 Nbd7 8.
Nc3 Bd6 9. Nf3 O-O 10. Ng5 Qe7 11. Nge4 Nxe4 12. Bxe4 Nf6 13. f3 Nxe4 14. dxe4
Bd7 15. Be3 b5 16. Qc2 a5 17. Rc1 Rf7 18. Nd1 Raf8 19. Nf2 g5 20. Kd2 Kh8 21.
Rcg1 Rg7 22. Kc1 c6 23. dxc6 Rc8 24. Kb1 Rxc6 25. Qd3 Be6 26. Qxb5 Rc8 27. Rc1
Rb8 28. Qxa5 Qb7 29. Qd2 Bb4 30. Qd3 Rd7 31. Qc2 Ba3 32. b3 Bxb3 33. axb3 Qxb3+
34. Qxb3 Rxb3+ 35. Ka2 Rxe3 36. Rc2 Bf8 37. Rd1 Ra3+ 38. Kb1 Rb3+ 39. Ka2 Rdb7
40. Rd3 R3b6 41. Ka1 Rb1+ 42. Ka2 R1b6 43. Ka1 Bc5 44. e3 Ra6+ 45. Ra2 Rxa2+
46. Kxa2 Rf7 47. Ng4 Rxf3 48. Nxe5 Rf2+ 49. Kb3 h5 50. Kc4 Bf8 51. Kd5 g4 52.
Rd1 Bh6 53. Nxg4 hxg4 54. Rg1 Bxe3 1/2-1/2

[Event "Lloyds Bank Masters 3rd"]
[Site "London"]
[Date "1979.08.23"]
[Round "2"]
[White "Boersma, Paul"]
[Black "Delaney, John"]
[Result "1-0"]
[WhiteElo "2350"]
[BlackElo "2205"]
[PlyCount "67"]
[EventDate "1979.08.22"]
[EventType "swiss"]
[EventRounds "9"]
[EventCountry "ENG"]
[SourceTitle "Big Database 2020"]
[Source "ChessBase"]
[SourceDate "1999.07.01"]
[SourceVersion "1"]
[SourceVersionDate "1999.07.01"]
[SourceQuality "1"]

1. d4 Nf6 2. c4 c5 3. d5 b5 4. cxb5 a6 5. bxa6 Bxa6 6. Nc3 d6 7. Nf3 g6 8. e4
Bxf1 9. Kxf1 Nbd7 10. g3 Bg7 11. Kg2 O-O 12. h3 Qa5 13. Re1 Rfb8 14. e5 dxe5
15. Nxe5 Nxe5 16. Rxe5 Rb7 17. Qf3 Ne8 18. Re2 Nd6 19. g4 Rd8 20. a4 c4 21. Ra3
Bd4 22. Nd1 Nc8 23. Ne3 Bxe3 24. Bxe3 Rxd5 25. Bd2 Qd8 26. Bc3 Rbd7 27. a5 Na7
28. Ra4 Nb5 29. Rxc4 Nxc3 30. Qxc3 Qe8 31. b4 Rd8 32. Rc7 e6 33. Qf6 Rd1 34.
Rec2 1-0

[Event "Lloyds Bank Masters 3rd"]
[Site "London"]
[Date "1979.08.23"]
[Round "2"]
[White "Cummings, David H"]
[Black "Littlewood, Paul E"]
[Result "0-1"]
[WhiteElo "2265"]
[BlackElo "2405"]
[PlyCount "68"]
[EventDate "1979.08.22"]
[EventType "swiss"]
[EventRounds "9"]
[EventCountry "ENG"]
[SourceTitle "Big Database 2020"]
[Source "ChessBase"]
[SourceDate "1999.07.01"]
[SourceVersion "1"]
[SourceVersionDate "1999.07.01"]
[SourceQuality "1"]

1. Nf3 d5 2. g3 Nf6 3. Bg2 e6 4. c4 c5 5. d4 dxc4 6. Qa4+ Bd7 7. Qxc4 Qb6 8.
O-O Nc6 9. dxc5 Bxc5 10. Nc3 Be7 11. Rb1 Rc8 12. Be3 Qa5 13. Qb5 Qxb5 14. Nxb5
a6 15. Nc3 e5 16. Rfd1 h6 17. Rbc1 Be6 18. Ne1 O-O 19. Nd3 Nd7 20. Nd5 Bd8 21.
b4 f5 22. Nc5 Nxc5 23. Bxc5 Re8 24. a4 e4 25. g4 Bg5 26. Rc3 Rcd8 27. Ne3 f4
28. Rxd8 Rxd8 29. Nf5 Rd1+ 30. Bf1 Ne5 31. Nd4 Bxg4 32. Kg2 Bf6 33. f3 Bd7 34.
b5 Ng6 0-1

[Event "Lloyds Bank Masters 3rd"]
[Site "London"]
[Date "1979.08.23"]
[Round "2"]
[White "Fuller, Maxwell L"]
[Black "Watson, John L"]
[Result "1-0"]
[WhiteElo "2380"]
[BlackElo "2375"]
[PlyCount "157"]
[EventDate "1979.08.22"]
[EventType "swiss"]
[EventRounds "9"]
[EventCountry "ENG"]
[SourceTitle "Big Database 2020"]
[Source "ChessBase"]
[SourceDate "1999.07.01"]
[SourceVersion "1"]
[SourceVersionDate "1999.07.01"]
[SourceQuality "1"]

1. Nf3 c5 2. e4 e6 3. b3 b6 4. d4 cxd4 5. Nxd4 Bb7 6. Bd3 Bc5 7. Bb2 Qf6 8. c3
Nc6 9. Bc2 e5 10. Nf3 g5 11. b4 g4 12. bxc5 gxf3 13. Qxf3 Qxf3 14. gxf3 bxc5
15. Bd3 Nge7 16. Nd2 d6 17. Nc4 O-O-O 18. O-O-O Ng6 19. Rhg1 Kc7 20. Ne3 Nce7
21. Bc4 Rhf8 22. Rg5 f6 23. Rh5 Rh8 24. Rh6 Bc8 25. h4 f5 26. Rg1 f4 27. Nd5+
Nxd5 28. Bxd5 Bh3 29. c4 Ne7 30. Bc3 Rd7 31. Ba5+ Kc8 32. Kd2 Nxd5 33. cxd5 Rf8
34. Ke2 Rff7 35. a4 Rf8 36. Bc3 Kc7 37. a5 a6 38. Rb1 Rb8 39. Rb6 Rxb6 40.
axb6+ Kb7 41. Ba5 Kb8 42. h5 Kb7 43. Rf6 Kb8 44. h6 Kb7 45. Rf8 Re7 46. Rg8 Rd7
47. Rg7 Kb8 48. Rg8+ Kb7 49. Ke1 Rf7 50. Rg7 Rd7 51. Kd2 Kc8 52. Ke1 Kb7 53.
Kd1 Kc8 54. Kd2 Kb7 55. Ke1 Kc8 56. Kd1 Kb7 57. Kd2 Kc8 58. Kd1 Kb7 59. Kc1 Kc8
60. Kc2 Kb7 61. Kd1 Kc8 62. Kc1 Kb7 63. Kc2 Kc8 64. Kb3 Kb7 65. Ka4 Kc8 66. Bc3
Bf1 67. b7+ Rxb7 68. Rg8+ Kd7 69. Rg7+ Kc8 70. Rg8+ Kd7 71. Rh8 Rb1 72. Rxh7+
Ke8 73. Ra7 Bb5+ 74. Ka5 Rh1 75. h7 Kf8 76. Kb6 Be2 77. Kc6 Bxf3 78. Kxd6 Bxe4
79. Ra8+ 1-0

[Event "Lloyds Bank Masters 3rd"]
[Site "London"]
[Date "1979.08.23"]
[Round "2"]
[White "Haik, Aldo"]
[Black "Martin, Andrew D"]
[Result "1-0"]
[WhiteElo "2435"]
[BlackElo "2330"]
[PlyCount "73"]
[EventDate "1979.08.22"]
[EventType "swiss"]
[EventRounds "9"]
[EventCountry "ENG"]
[SourceTitle "Big Database 2020"]
[Source "ChessBase"]
[SourceDate "1999.07.01"]
[SourceVersion "1"]
[SourceVersionDate "1999.07.01"]
[SourceQuality "1"]

1. d4 Nf6 2. c4 g6 3. Nc3 Bg7 4. Nf3 d6 5. Bg5 O-O 6. e3 Nbd7 7. h3 c6 8. Be2
a6 9. O-O b5 10. Nd2 Bb7 11. Rc1 Rc8 12. Bf3 b4 13. Na4 Qa5 14. c5 d5 15. a3
Rce8 16. axb4 Qxb4 17. Ra1 e5 18. Nb3 Bc8 19. Nc3 h6 20. Bh4 Ne4 21. Bxe4 dxe4
22. Ra4 Qb8 23. Nxe4 exd4 24. Bg3 Qb5 25. Nxd4 Qxb2 26. Nxc6 Re6 27. Na5 Qb5
28. Nd6 Qxc5 29. Nxc8 Qxc8 30. Rc4 Qd8 31. Nc6 Qe8 32. Bd6 Nb6 33. Rc2 Kh7 34.
Bxf8 Rxc6 35. Rxc6 Qxc6 36. Bxg7 Kxg7 37. Qa1+ 1-0

[Event "Lloyds Bank Masters 3rd"]
[Site "London"]
[Date "1979.08.23"]
[Round "2"]
[White "Hillyard, Graham D"]
[Black "Cuartas, Carlos Enrique"]
[Result "1/2-1/2"]
[WhiteElo "2325"]
[BlackElo "2425"]
[PlyCount "87"]
[EventDate "1979.08.22"]
[EventType "swiss"]
[EventRounds "9"]
[EventCountry "ENG"]
[SourceTitle "Big Database 2020"]
[Source "ChessBase"]
[SourceDate "1999.07.01"]
[SourceVersion "1"]
[SourceVersionDate "1999.07.01"]
[SourceQuality "1"]

1. d4 Nf6 2. c4 g6 3. Nc3 Bg7 4. e4 d6 5. Be2 O-O 6. Nf3 Bg4 7. Be3 Nfd7 8. Nd2
Bxe2 9. Nxe2 Nc6 10. O-O e5 11. d5 Nd4 12. Nb3 Nxe2+ 13. Qxe2 Qh4 14. f3 b6 15.
Nc1 Bh6 16. Bf2 Qg5 17. Nd3 a5 18. Rae1 f5 19. exf5 Qxf5 20. Bg3 Rae8 21. Nf2
Nf6 22. Ne4 Nh5 23. Qd1 Bf4 24. Bh4 Bh6 25. g4 Qf4 26. Bf2 Nf6 27. Be3 Qxe3+
28. Rxe3 Bxe3+ 29. Kg2 Nxe4 30. fxe4 Rxf1 31. Qxf1 Rf8 32. Qe1 Bd4 33. Qh4 Bxb2
34. Qe7 Rf7 35. Qd8+ Kg7 36. a4 Bd4 37. h3 Bc5 38. Kg3 Be3 39. h4 h5 40. gxh5
gxh5 41. Kh3 Rf3+ 42. Kg2 Rf2+ 43. Kg3 Rf7 44. Kh3 1/2-1/2